00364nam a2200109Ia 4500008004100000100001900041245003300060260006900093300001100162650001300173856006800186160712s9999 xx 000 0 und d aSicat, Ellen . cEllen SicataAng Aking Gubat c2011bLikhaan: The Journal of Contemporary Philippine Literature avol. 5 xSANAYSAY uhttp://journals.upd.edu.ph/index.php/lik/issue/view/295/showToc